| 000 | 00575nam a22001937a 4500 | ||
|---|---|---|---|
| 003 | CEME | ||
| 005 | 20210628204106.0 | ||
| 008 | 210112b xxu||||| |||| 00| 0 eng d | ||
| 020 | _a9788131764442 | ||
| 040 | _cceme | ||
| 082 | _a658.84 ELE | ||
| 100 |
_aTurban, Efraim , King, David , Lee, Jae , Liang, Ting Peng , Turban, Deborrah _968693 |
||
| 245 | _aElectronic commerce 2010 , a managerial perspective | ||
| 250 | _a6TH | ||
| 260 |
_aINDIA _bPEARSON EDUCATION _c2012 |
||
| 300 | _a768P | ||
| 650 |
_aELECTRONIC COMMERCE 2010.E-COMMERCE. _968694 |
||
| 942 |
_cBK _2ddc |
||
| 999 |
_c576190 _d576190 |
||